MARC

LEADER 00000nam0a2200000 4500
001 266304
005 20231101234006.0
020 |a RU  |b 86-95603 
035 |a (RuTPU)RU\TPU\book\289323 
090 |a 266304 
100 |a 20140707d1986 k y0rusy5003 ca 
101 0 |a rus 
102 |a RU 
105 |a a z 001zy 
200 1 |a Теплотехнические процессы в ЭТО и свойства применяемых материалов  |e сборник научных трудов  |f Всесоюзный научно-исследовательский, проектно-конструкторский и технологический институт электротермического оборудования (ВНИИЭТО) ; под ред. М. Б. Гутман ; под ред. А. В. Арендарчук 
210 |a Москва  |c Энергоатомиздат  |d 1986 
215 |a 103 с.  |c ил.  |d 21 см 
320 |a Библиогр. в конце статей 
606 1 |a Электротермическое оборудование  |x Тепловые процессы  |2 stltpush  |3 (RuTPU)RU\TPU\subj\20886  |9 45948 
610 1 |a печи сопротивления 
610 1 |a дуговые печи 
610 1 |a плазменные печи 
610 1 |a вакуумно-дуговые печи 
610 1 |a электрошлаковый переплав 
610 1 |a электрошлаковые печи 
610 1 |a инфракрасный обогрев 
610 1 |a лазерные установки 
610 1 |a расчет 
610 1 |a конструирование 
610 1 |a тепловые режимы 
610 1 |a выбор 
610 1 |a внутрипечные материалы 
610 1 |a применение 
675 |a 621.365  |z rus  |v 3 
702 1 |a Гутман  |b М. Б.  |g Марк Борисович  |4 340 
702 1 |a Арендарчук  |b А. В.  |4 340 
712 0 2 |a Всесоюзный научно-исследовательский, проектно-конструкторский и технологический институт электротермического оборудования (ВНИИЭТО)  |2 stltpush  |3 (RuTPU)RU\TPU\col\11356 
801 0 |a RU  |b RuMRKP  |c 19950417  |g psbo 
801 1 |a RU  |b 63413507  |c 20140707 
801 2 |a RU  |b 63413507  |c 20150731  |g RCR 
942 |c BK